Knowledge managemant tools and techniques (Record no. 181136)

000 -LEADER
fixed length control field 00383nam a2200133Ia 4500
008 - FIXED-LENGTH DATA ELEMENTS--GENERAL INFORMATION
fixed length control field 220217s9999||||xx |||||||||||||| ||und||
020 ## - INTERNATIONAL STANDARD BOOK NUMBER
International Standard Book Number 81-8147-884-3
082 ## - DEWEY DECIMAL CLASSIFICATION NUMBER
Classification number 658.403 8 RAO
100 ## - MAIN ENTRY--PERSONAL NAME
Personal name Rao, Madanmohan
9 (RLIN) 7534
245 #0 - TITLE STATEMENT
Title Knowledge managemant tools and techniques
260 ## - PUBLICATION, DISTRIBUTION, ETC.
Place of publication, distribution, etc. Butter worth
Name of publisher, distributor, etc. New Delhi
Date of publication, distribution, etc. 2006
300 ## - PHYSICAL DESCRIPTION
Extent XII,438p.;28cm
Other physical details 350
650 ## - SUBJECT ADDED ENTRY--TOPICAL TERM
Topical term or geographic name entry element MANAGEMENT
Holdings
Withdrawn status Lost status Damaged status Not for loan Collection code Home library Current library Date acquired Full call number Barcode Date last seen Price effective from Koha item type
        Computer Science and Engineering Central Library Central Library 02/18/2022 658.403 8 RAO 16325 02/18/2022 02/18/2022 Books

Powered by Koha